Bosquejo necrológico de Dª Concepción Arenal : (Record no. 25374)

MARC details
000 -LEADER
campo de control de longitud fija 01399nam a2200277 i 4500
001 - NÚMERO DE CONTROL
campo de control 25374
003 - IDENTIFICADOR DE NÚMERO DE CONTROL
campo de control ES-MaACL
005 - FECHA Y HORA DE LA ÚLTIMA TRANSACCIÓN
campo de control 20250831121549.0
007 - CAMPO FIJO DE DESCRIPCIÓN FÍSICA--INFORMACIÓN GENERAL
campo de control de longitud fija t|
008 - DATOS DE LONGITUD FIJA--INFORMACIÓN GENERAL
campo de control de longitud fija 021226s1893 sp |||| |dspa d
040 ## - FUENTE DE CATALOGACIÓN
Centro/agencia transcriptor ES-MaACL
100 1# - ENTRADA PRINCIPAL--NOMBRE DE PERSONA
Nombre de persona Armengol y Cornet, Pedro,
Fechas asociadas al nombre 1837-1896
9 (RLIN) 22949
Término indicativo de función/relación Autor
245 10 - MENCIÓN DEL TÍTULO
Título Bosquejo necrológico de Dª Concepción Arenal :
Resto del título leído el 21 de febrero 1893 en la Asociación General para la Reforma Penitenciara en España /
Mención de responsabilidad, etc. Pedro Armengol y Cornet.
260 ## - PUBLICACIÓN, DISTRIBUCIÓN, ETC.
Lugar de publicación, distribución, etc. Barcelona :
Nombre del editor, distribuidor, etc. [s.n.],
Fecha de publicación, distribución, etc. 1893
Fabricante (Est. Tip. de Jaime Jepús)
300 ## - DESCRIPCIÓN FÍSICA
Extensión 28 páginas ;
Dimensiones 27 cm.
530 ## - NOTA DISPONIBLE DE FORMULARIO FÍSICO ADICIONAL
Nota de formato físico adicional disponible Disponible en formato digital
600 14 - PUNTO DE ACCESO ADICIONAL DE MATERIA--NOMBRE DE PERSONA
Nombre de persona Arenal, Concepción,
Fechas asociadas al nombre 1820-1893
9 (RLIN) 22591
710 2# - ENTRADA AGREGADA--NOMBRE DE ENTIDAD CORPORATIVA
Nombre de entidad corporativa o nombre de jurisdicción como elemento de entrada Asociación General para la Reforma Penitenciaria en España
Término indicativo de función/relación Sede
9 (RLIN) 1717
852 ## - LOCALIZACIÓN
Ubicación ES-MaACL
Ubicación en estantería Depósito folletos
Número de control de estantería T-743-F-7
itemnumber 26308
852 ## - LOCALIZACIÓN
Ubicación ES-MaACL
Sublocalización o colección R. FOLL.1/5
Ubicación en estantería Sala Valle Inclán
Marcas de propiedad Sello en tinta en portada: "Donativo del Sr. Lastres al Ateneo de Madrid. 1907"
Donativo/Legado Donación: Francisco Lastres y Juiz
Número de control de estantería D-68(5)
Encuadernación Encuadernación holandesa
-- Encuadernado con otras obras formando un volumen facticio
itemnumber 26307
856 ## - LOCALIZACIÓN Y ACCESO ELECTRÓNICOS
Identificador Uniforme de Recursos <a href="https://bvpb.mcu.es/es/consulta/registro.do?id=577788">https://bvpb.mcu.es/es/consulta/registro.do?id=577788</a>
Texto de enlace Versión en línea
Nota pública (Biblioteca Virtual del Patrimonio Bibliográfico)
903 ## - NOMBRE PERSONAL DE DONANTE
a Lastres y Juiz, Francisco,
d 1848-1918
e Donante
q 1
9 70504
942 ## - ELEMENTOS DE ENTRADA SECUNDARIOS (KOHA)
Tipo de ítem Koha Folleto
Suprimir en OPAC No
Holdings
Estatus retirado Estado de pérdida Fuente del sistema de clasificación o colocación Estado de daño No para préstamo Colección Biblioteca de origen Biblioteca actual Ubicación en estantería Fecha de adquisición Fuente de adquisición Total de préstamos Signatura topográfica completa Código de barras Visto por última vez Tipo de ítem Koha
    Clasificación decimal universal     Colección de folletos Biblioteca del Ateneo de Madrid Biblioteca del Ateneo de Madrid Sala Valle Inclán 17/01/2008 Donación   D-68(5) 901026159 23/02/2023 Folleto
    Clasificación decimal universal     Colección de folletos Biblioteca del Ateneo de Madrid Biblioteca del Ateneo de Madrid Depósito folletos 17/01/2008     T-743-F-7 1026158 23/02/2023 Folleto